000 00629nam a22002177a 4500
003 UA-OsUOA
001 125261
007 ta
008 20170912b un ||||| |||| 00| 0 ukr d
100 _aБогма О. С.
090 _a330(477)
_bБ73
942 _cSA
040 _aUA-OsUOA
_bukr
_cUA-OsUOA
_dUA-OsUOA
245 _aКласифікація видів бюджетної безпеки країни
300 _aС.38-41
955 _a0
041 _aukr
080 _a330(477)
773 0 _w125256
_tЕкономіка. Фінанси. Право.
_dК.
_d2017
_g7
650 7 _a330 Економіка взагалі
_2UDC
999 _c412496
_d412496